[Event "Jugendweltmeisterschaft U14"]
[Site "Belfort (FRA)"]
[Date "2005.07.27"]
[Round "10"]
[White "Bogner, Sebastian"]
[Black "Kharmoudi, Slimane"]
[Result "1-0"]
[WhiteElo "2361"]
[BlackElo "1939"]
[PlyCount "69"]
[EventDate "2005.07.18"]

1. a3 Nf6 2. Nf3 g6 3. c4 c5 4. Nc3 Bg7 5. g3 O-O 6. Bg2 Nc6 7. d4 cxd4 8. Nxd4
Qb6 9. e3 Nxd4 10. exd4 d6 11. O-O e6 12. Be3 Qc7 13. Qe2 Rd8 14. Rfc1 Qe7 15.
Bg5 Re8 16. Re1 Qc7 17. Nb5 Qe7 18. Qf3 h6 19. Bf4 Rd8 20. h4 a6 21. Nc3 Kh7
22. b4 Ra7 23. Rac1 b6 24. Qe2 Rad7 25. Na4 Ra7 26. Nxb6 Bb7 27. d5 e5 28. Be3
Qc7 29. Na4 Raa8 30. Bb6 Qd7 31. Bxd8 Qxa4 32. Bxf6 Bxf6 33. c5 Qxa3 34. Qf3
Qxf3 35. Bxf3 1-0

[Event "Jugendweltmeisterschaft U14"]
[Site "Belfort (FRA)"]
[Date "2005.07.27"]
[Round "10"]
[White "Alonso Rosell, Alvar"]
[Black "Zehnter, Sebastian"]
[Result "0-1"]
[WhiteElo "2156"]
[BlackElo "2037"]
[PlyCount "52"]
[EventDate "2005.07.18"]

1. d4 d5 2. c4 Nc6 3. Nc3 Nf6 4. Nf3 dxc4 5. d5 Na5 6. Qa4+ c6 7. b4 b5 8. Qxa5
Qxa5 9. bxa5 b4 10. Na4 cxd5 11. Bg5 Ne4 12. Be3 e6 13. Nd2 Nxd2 14. Kxd2 Bd7
15. Nc5 Bb5 16. Rc1 e5 17. Nb3 cxb3 18. axb3 Kd7 19. f4 f6 20. fxe5 fxe5 21. g3
d4 22. Bh3+ Kd6 23. Bf2 Be7 24. Rhd1 Bg5+ 25. e3 Rhf8 26. Ke1 Rxf2 0-1

[Event "Jugendweltmeisterschaft U14w"]
[Site "Belfort (FRA)"]
[Date "2005.07.27"]
[Round "10"]
[White "Jussupow, Ekaterina"]
[Black "Sanchez Delgado, Lidia"]
[Result "1-0"]
[WhiteElo "1992"]
[BlackElo "1898"]
[PlyCount "81"]
[EventDate "2005.07.18"]

1. d4 Nf6 2. Nf3 g6 3. c4 Bg7 4. Nc3 O-O 5. Bg5 d6 6. e3 Nbd7 7. Be2 c6 8. O-O
a6 9. Nd2 Rb8 10. a4 Qa5 11. Bh4 Re8 12. e4 e5 13. dxe5 dxe5 14. Qc2 Nc5 15.
Rab1 Ne6 16. b4 Qc7 17. Nf3 Nf4 18. c5 N6h5 19. Bc4 h6 20. Rfd1 Bg4 21. b5 Bxf3
22. gxf3 Qc8 23. Bg3 Nh3+ 24. Kh1 cxb5 25. axb5 Qxc5 26. Na4 Nxg3+ 27. fxg3 Qf2
28. Qb3 Rf8 29. Rb2 Qa7 30. b6 Qa8 31. Rd7 Ng5 32. h4 Rbd8 33. Rxd8 Qxd8 34.
hxg5 Qxg5 35. Rg2 Rc8 36. Bxf7+ Kf8 37. Be6 Rc1+ 38. Kh2 Qh5+ 39. Bh3 Rc6 40.
Nc5 Qg5 41. Ne6+ 1-0

[Event "Jugendweltmeisterschaft U12"]
[Site "Belfort (FRA)"]
[Date "2005.07.27"]
[Round "10"]
[White "Mihok, Oliver"]
[Black "Zelbel, Patrick"]
[Result "1-0"]
[WhiteElo "2157"]
[BlackElo "1927"]
[PlyCount "109"]
[EventDate "2005.07.18"]

1. e4 e5 2. Nf3 Nc6 3. d4 exd4 4. Nxd4 Nf6 5. Nxc6 bxc6 6. e5 Qe7 7. Qe2 Nd5 8.
c4 Nb6 9. Nc3 Qe6 10. Qe4 d5 11. exd6 cxd6 12. Be3 Qxe4 13. Nxe4 Bf5 14. Ng3
Be6 15. Rc1 Be7 16. Bd3 g6 17. b3 Nd7 18. Be4 d5 19. cxd5 cxd5 20. Bb1 O-O 21.
O-O a5 22. Ne2 Rfc8 23. Nd4 Ba3 24. Rxc8+ Rxc8 25. f4 Nc5 26. f5 Bd7 27. fxg6
hxg6 28. Nc2 Bb2 29. Bd4 Bxd4+ 30. Nxd4 Ne4 31. Re1 Nc3 32. Kf2 Kf8 33. a3 Nxb1
34. Rxb1 Ke7 35. b4 axb4 36. axb4 Kd6 37. Ke3 Rc3+ 38. Kd2 Ra3 39. Rb2 f6 40.
b5 Kc7 41. Nc2 Ra5 42. Ne3 Rxb5 43. Rxb5 Bxb5 44. Nxd5+ Kd6 45. Nxf6 Ke5 46.
Ng4+ Kf4 47. Ne3 Bc6 48. Ke2 Kg5 49. g3 Bb5+ 50. Kf2 Bc6 51. h4+ Kh6 52. g4 Bd7
53. g5+ Kg7 54. Kg3 Be6 55. Kf4 1-0

[Event "Jugendweltmeisterschaft U12w"]
[Site "Belfort (FRA)"]
[Date "2005.07.27"]
[Round "10"]
[White "Endress, Anna"]
[Black "Hakimifard, Ghazal"]
[Result "1-0"]
[WhiteElo "1599"]
[BlackElo "1599"]
[PlyCount "97"]
[EventDate "2005.07.18"]

1. e4 e5 2. Nf3 Nc6 3. Bc4 Nf6 4. d3 Bc5 5. c3 O-O 6. O-O d6 7. Nbd2 a6 8. Bb3
Ba7 9. h3 Re8 10. Re1 d5 11. exd5 Nxd5 12. Nc4 f6 13. Ne3 Be6 14. d4 exd4 15.
Nxd5 Bxd5 16. Rxe8+ Qxe8 17. Bxd5+ Kh8 18. Bxc6 Qxc6 19. Nxd4 Rd8 20. Be3 Qe4
21. Qf3 Qxf3 22. Nxf3 Bxe3 23. fxe3 Kg8 24. Kf2 Kf7 25. Ke2 Ke7 26. Rd1 Rxd1
27. Kxd1 Kd6 28. Kd2 f5 29. Kd3 b5 30. b4 Kd5 31. Nd4 g6 32. Nb3 h5 33. h4 Ke5
34. g3 Kf6 35. Kd4 g5 36. Nc5 gxh4 37. gxh4 f4 38. exf4 Kf5 39. Ke3 Kg4 40. Ke4
Kxh4 41. Kf3 c6 42. Nxa6 Kh3 43. f5 h4 44. f6 Kh2 45. f7 h3 46. f8=Q Kh1 47.
Qe8 c5 48. Qe1+ Kh2 49. Kf2 1-0

[Event "Jugendweltmeisterschaft U12w"]
[Site "Belfort (FRA)"]
[Date "2005.07.27"]
[Round "10"]
[White "Langnerova, Karolina"]
[Black "Smolkina, Milana"]
[Result "1/2-1/2"]
[WhiteElo "1599"]
[BlackElo "1732"]
[PlyCount "123"]
[EventDate "2005.07.18"]
1. e4 c5 2. d4 cxd4 3. c3 d5 4. exd5 Qxd5 5. cxd4 Nc6 6. Nf3 e5 7. Nc3 Bb4 8.
Bd2 Bxc3 9. Bxc3 e4 10. Ne5 Nxe5 11. dxe5 Ne7 12. Be2 O-O 13. O-O Qe6 14. Qc2
Qg6 15. Rfd1 e3 16. Qxg6 exf2+ 17. Kxf2 Nxg6 18. Bb4 Re8 19. Bb5 Bg4 20. Bxe8
Bxd1 21. Bd7 Nxe5 22. Rxd1 Rd8 23. Rd5 Ng4+ 24. Bxg4 Rxd5 25. Bf3 Rd7 26. Ke3
h6 27. Ke4 Rc7 28. Kd5 Rd7+ 29. Ke5 Kh8 30. Bd6 Kg8 31. Bd1 Rd8 32. Ba4 Kh8 33.
h4 Kg8 34. g4 Rc8 35. Bb3 Re8+ 36. Kf5 Re2 37. Be5 Kf8 38. Bd4 b6 39. Bc4 Rh2
40. h5 Rd2 41. Ke4 Rc2 42. Bd3 Rc7 43. Bc3 Rd7 44. Bb4+ Kg8 45. Bb5 Rd8 46. Bc6
Kh8 47. Bd5 Kg8 48. Bc6 Kh8 49. Ke5 Kg8 50. Bd6 Kh8 51. Kd5 Kg8 52. Bb5 Rc8 53.
Bc6 Rd8 54. Bb7 Re8 55. Kc6 Re2 56. Ba3 Rc2+ 57. Kd6 Rc4 58. Bf3 Rf4 59. Be2
Re4 60. Bf3 Rf4 61. Be2 Re4 62. Bf3 1/2-1/2

[Event "Jugendweltmeisterschaft U10"]
[Site "Belfort (FRA)"]
[Date "2005.07.27"]
[Round "10"]
[White "Kaphle, Sebastian"]
[Black "Ostovic, Matija"]
[Result "1/2-1/2"]
[WhiteElo "1944"]
[BlackElo "1599"]
[PlyCount "71"]
[EventDate "2005.07.18"]

1. e4 c5 2. Nf3 d6 3. d4 cxd4 4. Nxd4 Nf6 5. Nc3 a6 6. f3 e5 7. Nb3 Be6 8. Be3
Nbd7 9. Qd2 b5 10. g4 Nb6 11. g5 Nfd7 12. O-O-O b4 13. Nd5 Nxd5 14. exd5 Bf5
15. Qxb4 Be7 16. f4 O-O 17. Bd3 Rb8 18. Qa4 Bxd3 19. Rxd3 exf4 20. Qxf4 Ne5 21.
Rdd1 Qc7 22. Kb1 Rfc8 23. c3 Nc4 24. Rhf1 Bf8 25. Bc1 g6 26. Ka1 Bg7 27. Qf2 a5
28. Nd4 a4 29. Nc6 Ra8 30. Rde1 Ne5 31. Nxe5 Bxe5 32. a3 Qb7 33. Qg2 Ra5 34.
Rd1 Rac5 35. Rf2 Qb3 36. Qf3 1/2-1/2

[Event "Jugendweltmeisterschaft U10w"]
[Site "Belfort (FRA)"]
[Date "2005.07.27"]
[Round "10"]
[White "Osmanodja, Filiz"]
[Black "Barantseva, Alexandra"]
[Result "0-1"]
[WhiteElo "1599"]
[BlackElo "2089"]
[PlyCount "68"]
[EventDate "2005.07.18"]

1. e4 c5 2. Nf3 Nc6 3. d4 cxd4 4. Nxd4 g6 5. Nc3 Bg7 6. Be3 Nf6 7. Bc4 O-O 8.
O-O Ng4 9. Qxg4 Nxd4 10. Qd1 Nc6 11. Qd2 d6 12. f4 e6 13. Rad1 Qa5 14. Rb1 Rd8
15. Rf2 d5 16. exd5 exd5 17. Nxd5 Be6 18. Qxa5 Nxa5 19. Ne7+ Kf8 20. Bxe6 fxe6
21. Bc5 Kf7 22. f5 gxf5 23. g4 Bd4 24. Bxd4 Rxd4 25. Nxf5 exf5 26. Rxf5+ Kg6
27. Rxa5 Rxg4+ 28. Kh1 Rc4 29. Rg1+ Kh6 30. Rg2 a6 31. Re5 Rac8 32. Re6+ Kh5
33. Rf2 b5 34. Ref6 Re8 0-1